<?xml version="1.0" encoding="UTF-8"?>
<record
    xmlns:xsi="http://www.w3.org/2001/XMLSchema-instance"
    xsi:schemaLocation="http://www.loc.gov/MARC21/slim http://www.loc.gov/standards/marcxml/schema/MARC21slim.xsd"
    xmlns="http://www.loc.gov/MARC21/slim">

  <leader>01971nam a22002177a 4500</leader>
  <controlfield tag="003">DO-SdBJH</controlfield>
  <controlfield tag="005">20250808175359.0</controlfield>
  <controlfield tag="008">250808b        |||||||| |||| 00| 0 spa d</controlfield>
  <datafield tag="020" ind1=" " ind2=" ">
    <subfield code="a">9798579749369</subfield>
  </datafield>
  <datafield tag="040" ind1=" " ind2=" ">
    <subfield code="a">DO-SdBJH</subfield>
    <subfield code="b">spa</subfield>
    <subfield code="c">DO-SdBJH</subfield>
  </datafield>
  <datafield tag="082" ind1=" " ind2=" ">
    <subfield code="a">341.7 C541s 2024</subfield>
  </datafield>
  <datafield tag="100" ind1=" " ind2=" ">
    <subfield code="a">Chirino, Clara </subfield>
  </datafield>
  <datafield tag="245" ind1=" " ind2=" ">
    <subfield code="a">La seguridad internacional a tu alcance / </subfield>
    <subfield code="c">Clara Chirino</subfield>
  </datafield>
  <datafield tag="260" ind1=" " ind2=" ">
    <subfield code="a">Orlando Florida :  </subfield>
    <subfield code="b">[sin lugar de publicaci&#xF3;n], </subfield>
    <subfield code="c">2024</subfield>
  </datafield>
  <datafield tag="300" ind1=" " ind2=" ">
    <subfield code="a">222 p&#xE1;ginas. :</subfield>
    <subfield code="b">Ilustraci&#xF3;nes  (blanco y negro)</subfield>
  </datafield>
  <datafield tag="504" ind1=" " ind2=" ">
    <subfield code="a">Incluye referencias bibliogr&#xE1;ficas e &#xED;ndice</subfield>
  </datafield>
  <datafield tag="505" ind1=" " ind2=" ">
    <subfield code="a">Contenido.
Agradecimientos.
Pr&#xF3;logo.
La seguridad y militar a la seguridad humana: &#xBF;Qu&#xE9; es hoy la seguridad?- Jara Cuadrado --3
&#xBF;Hacia un mundo multipolar? - Christina D. Villanueva L&#xF3;pez --21
La Uni&#xF3;n Europea y su pol&#xED;tica de seguridad y defensa - Beatriz C&#xF3;zar Murillo --41
La industria de defensa y el tr&#xE1;fico de armas - Yago Rodr&#xED;guez --62
Armas nucleares: &#xBF;Disuasi&#xF3;n y estabilidad estrat&#xE9;gica - Guillermo Paulino Pulido --88
La violencia y sus formas: de los delitos de odio al genocidio - Clara Chirino --108
Terrorismo: cambio y continuidad - Javier Gil P&#xE9;rez  --123
Amenazas en la red y ciberseguridad - Yael Mac&#xED;as Menkes --141
Desinformaci&#xF3;n - Cristina Marzal --166
&#xBF;C&#xF3;mo ser&#xE1;n las guerras del futuro? - Christian D. Villanueva L&#xF3;pez --182
Referencias bibliogr&#xE1;fica.--201 
Acerca de los autores--218</subfield>
  </datafield>
  <datafield tag="520" ind1=" " ind2=" ">
    <subfield code="a">&#xBF;C&#xF3;mo ha evolucionado el terrorismo? &#xBF;Cu&#xE1;l es la diferencia entre un conflicto armado y una guerra? &#xBF;Qu&#xE9; tipos de armas de destrucci&#xF3;n masiva existen? Estas y otras preguntas sobre seguridad internacional son respondidas en este libro de una manera amena y did&#xE1;ctica por profesionales de las distintas materias. Tras la lectura de los diferentes cap&#xED;tulos, el lector habr&#xE1; obtenido una visi&#xF3;n general sobre los distintos riesgos y amenazas actuales.</subfield>
  </datafield>
  <datafield tag="650" ind1=" " ind2=" ">
    <subfield code="a">Seguridad internacional</subfield>
  </datafield>
  <datafield tag="942" ind1=" " ind2=" ">
    <subfield code="2">ddc</subfield>
    <subfield code="c">BK</subfield>
    <subfield code="z">3</subfield>
  </datafield>
  <datafield tag="999" ind1=" " ind2=" ">
    <subfield code="c">8400</subfield>
    <subfield code="d">8400</subfield>
  </datafield>
  <datafield tag="952" ind1=" " ind2=" ">
    <subfield code="0">0</subfield>
    <subfield code="1">0</subfield>
    <subfield code="2">ddc</subfield>
    <subfield code="4">0</subfield>
    <subfield code="7">0</subfield>
    <subfield code="8">CG</subfield>
    <subfield code="a">BJHA</subfield>
    <subfield code="b">BJHA</subfield>
    <subfield code="c">GEN</subfield>
    <subfield code="d">2025-08-08</subfield>
    <subfield code="i">25-03316</subfield>
    <subfield code="l">0</subfield>
    <subfield code="o">341.7 C541s 2024</subfield>
    <subfield code="p">25-03316</subfield>
    <subfield code="r">2025-08-08 17:49:55</subfield>
    <subfield code="t">e.1</subfield>
    <subfield code="w">2025-08-08</subfield>
    <subfield code="y">BK</subfield>
  </datafield>
</record>
